India banking since independence / (Record no. 124697)
[ view plain ]
| 000 -LEADER | |
|---|---|
| fixed length control field | 00708nam a22002297a 4500 |
| 005 - DATE AND TIME OF LATEST TRANSACTION | |
| control field | 20170124105943.0 |
| 010 ## - LIBRARY OF CONGRESS CONTROL NUMBER | |
| LC control number | A-351838 |
| 020 ## - INTERNATIONAL STANDARD BOOK NUMBER | |
| Terms of availability | 00.00 |
| International Standard Book Number | 8170242045 |
| 035 ## - SYSTEM CONTROL NUMBER | |
| System control number | A-351838 |
| 037 ## - SOURCE OF ACQUISITION | |
| Source of stock number/acquisition | Cen Lib/Ret |
| 040 ## - CATALOGING SOURCE | |
| Original cataloging agency | DPL |
| Language of cataloging | EN |
| 082 ## - DEWEY DECIMAL CLASSIFICATION NUMBER | |
| Classification number | 332.01 |
| Item number | DEB |
| 100 ## - MAIN ENTRY--PERSONAL NAME | |
| Personal name | Deb, Kalipada |
| 9 (RLIN) | 11641 |
| 245 ## - TITLE STATEMENT | |
| Title | India banking since independence / |
| Statement of responsibility, etc | by Kalipada Deb |
| 260 ## - PUBLICATION, DISTRIBUTION, ETC. (IMPRINT) | |
| Place of publication, distribution, etc | New Delhi |
| Name of publisher, distributor, etc | Ashish Publishing House |
| Date of publication, distribution, etc | 1988 |
| 270 ## - ADDRESS | |
| City | New Delhi |
| Postal code | 110026 |
| Address | 8/81, Punjabi Bagh |
| 300 ## - PHYSICAL DESCRIPTION | |
| Extent | xi,360p. |
| Dimensions | 21cm(Hb) |
| 500 ## - GENERAL NOTE | |
| General note | Includes bibliographical references and index |
| 650 ## - SUBJECT ADDED ENTRY--TOPICAL TERM | |
| Topical term or geographic name as entry element | Banking system |
| 9 (RLIN) | 11642 |
| 650 ## - SUBJECT ADDED ENTRY--TOPICAL TERM | |
| Topical term or geographic name as entry element | Planned development |
| 9 (RLIN) | 11643 |
| 942 ## - ADDED ENTRY ELEMENTS (KOHA) | |
| Source of classification or shelving scheme | Dewey Decimal Classification |
| Koha item type | English Books |
| Classification part | 332.1 |
| Call number suffix | DEB |
| Withdrawn status | Lost status | Damaged status | Not for loan | Home library | Current library | Date acquired | Source of acquisition | Cost, normal purchase price | Total Checkouts | Full call number | Barcode | Date last seen | Copy number | Cost, replacement price | Price effective from | Koha item type | Public note |
|---|---|---|---|---|---|---|---|---|---|---|---|---|---|---|---|---|---|
| Written off | Central Library | Central Library | 18/06/2015 | Cen Lib/Ret | 0.00 | 332.01 DEB | A-351838 | 18/06/2015 | 1 | 0.00 | 18/06/2015 | English Books | Written off on approval by DLB (By Circulation); dtd 15-06-2023 |
